Państwa które mają 1 sąsiada(Geomex) - Statystyki

Ogólne statystyki
  • Ten quiz został rozwiązany 163 razy
    135 od ostatniego zresetowania
  • Średni wynik to 12 z 16
Statystyki odpowiedzi
Graniczące Państwo % Poprawnych
Hiszpania Portugalia
93%
Włochy Watykan
91%
USA Kanada
89%
Włochy San Marino
89%
Wielka Brytania Irlandia
86%
Irlandia Wielka Brytania
85%
Niemcy Dania
84%
Korea Północna Korea Południowa
83%
RPA Lesotho
74%
Haiti Dominikana
72%
Dominikana Haiti
72%
Indonezja Papua Nowa Gwinea
59%
Katar Gambia
58%
Senegal Gambia
58%
Malezja Brunei
53%
Indonezja Timor Wschodni
53%
Nie znaleziono quizów pasujących do podanych kryteriów
Rozkład punktacji
Procent ludzi z każdym wynikiem
Percentyl według liczby udzielonych odpowiedzi
Twoja historia wyników
Nie rozwiązałeś tego quizu od ostatniego zresetowania